Fuzzy neural intelligent systems: mathematical foundation and the applications in engineering
Đã lưu trong:
| Hovedforfatter: | |
|---|---|
| Format: | Bog |
| Sprog: | Undetermined |
| Udgivet: |
Boca Raton, FL
CRC Press
2001
|
| Fag: | |
| Tags: |
Tilføj Tag
Ingen Tags, Vær først til at tagge denne postø!
|
| Thư viện lưu trữ: | Trung tâm Học liệu Trường Đại học Cần Thơ |
|---|
| LEADER | 00642nam a2200193Ia 4500 | ||
|---|---|---|---|
| 001 | CTU_58085 | ||
| 008 | 210402s9999 xx 000 0 und d | ||
| 082 | |a 006.32 | ||
| 082 | |b L693 | ||
| 100 | |a Hongxing Li | ||
| 245 | 0 | |a Fuzzy neural intelligent systems: mathematical foundation and the applications in engineering | |
| 245 | 0 | |c Hongxing Li, C. L. Philip Chen and Han-Pang Huang | |
| 260 | |a Boca Raton, FL | ||
| 260 | |b CRC Press | ||
| 260 | |c 2001 | ||
| 650 | |a neural networks ( computer science ),fuzzy systems,engineering | ||
| 650 | |x data processing | ||
| 904 | |i Minh | ||
| 980 | |a Trung tâm Học liệu Trường Đại học Cần Thơ | ||